| 000 | 01216nab a22002657a 4500 | ||
|---|---|---|---|
| 999 |
_c6211 _d6211 |
||
| 003 | OSt | ||
| 005 | 20260125234711.0 | ||
| 008 | 190514b xxu||||| |||| 00| 0 spa d | ||
| 040 | _cPJ | ||
| 100 |
_96938 _aGarcía, Elsa Paola |
||
| 245 | 1 | 3 |
_aEl impacto de la violencia familiar en la designación del administrador judicial en la sucesión ab intestato / _bElsa Paola García, Julia Pedrido Mariani. |
| 300 | _ap. 33-38 | ||
| 500 | _aCita: TR LALEY AR/DOC/1511/2024. | ||
| 505 | _aSumario: I. Introducción. Conceptos claves relativos al fallo en cuestión.— II. Conclusión. | ||
| 505 | _tFallo comentado: CCiv. y Com., Azul, sala II ~ 19/12/2023 ~ G., C. G. y G. F., A. M. s/ sucesiones ab intestato (inforec 970). | ||
| 650 | 0 |
_9967 _aDERECHO DE FAMILIA |
|
| 650 | 0 |
_9888 _aSUCESIONES |
|
| 650 | 0 |
_91134 _aVIOLENCIA FAMILIAR |
|
| 650 | 0 |
_94044 _aPERSPECTIVA DE GÉNERO |
|
| 650 | 0 |
_94618 _aADMINISTRACIÓN DE LA HERENCIA |
|
| 650 | 0 |
_91057 _aJURISPRUDENCIA APLICABLE |
|
| 700 |
_96939 _aPedrido Mariani, Julia |
||
| 773 | 0 |
_02844 _93222 _dBuenos Aires : AbeledoPerrot, 1989- _tDerecho de familia. Revista Interdisciplinaria de doctrina y jurisprudencia. Agosto 2024-IV. _z18511201 |
|
| 942 |
_2udc _cANA |
||